Cargando…

Saint Patrick Retold : The Legend and History of Ireland's Patron Saint /

A gripping biography that brings together the most recent research to shed provocative new light on the life of Saint PatrickSaint Patrick was, by his own admission, a controversial figure. Convicted in a trial by his elders in Britain and hounded by rumors that he settled in Ireland for financial g...

Descripción completa

Detalles Bibliográficos
Autor principal: Flechner, Roy, 1975- (Autor)
Formato: Electrónico eBook
Idioma:Inglés
Publicado: Princeton : Princeton University Press, [2019]
Colección:Book collections on Project MUSE.
Temas:
Acceso en línea:Texto completo

MARC

LEADER 00000cam a22000004a 4500
001 musev2_64428
003 MdBmJHUP
005 20230905050631.0
006 m o d
007 cr||||||||nn|n
008 190117t20192019nju o 00 0 eng d
020 |a 9780691190013 
020 |z 9780691184647 
020 |z 9780691217468 
020 |z 9780691193533 
020 |z 9780691194851 
035 |a (OCoLC)1082518940 
040 |a MdBmJHUP  |c MdBmJHUP 
100 1 |a Flechner, Roy,  |d 1975-  |e author. 
245 1 0 |a Saint Patrick Retold :   |b The Legend and History of Ireland's Patron Saint /   |c Roy Flechner. 
264 1 |a Princeton :  |b Princeton University Press,  |c [2019] 
264 3 |a Baltimore, Md. :  |b Project MUSE,   |c 2019 
264 4 |c ©[2019] 
300 |a 1 online resource:   |b illustrations, maps 
336 |a text  |b txt  |2 rdacontent 
337 |a computer  |b c  |2 rdamedia 
338 |a online resource  |b cr  |2 rdacarrier 
505 0 0 |g Introduction.  |t Patrick of Legend and of History --  |g 1.  |t Patrick's Britain --  |g 2.  |t Patrick's Ireland --  |g 3.  |t Captivity --  |g 4.  |t Religion in Britain and Ireland --  |g 5.  |t The Missionary Life --  |g 6.  |t Imagining Patrick in the Middle Ages --  |g Epilogue.  |t Remembering Saint Patrick. 
520 |a A gripping biography that brings together the most recent research to shed provocative new light on the life of Saint PatrickSaint Patrick was, by his own admission, a controversial figure. Convicted in a trial by his elders in Britain and hounded by rumors that he settled in Ireland for financial gain, the man who was to become Ireland's patron saint battled against great odds before succeeding as a missionary. Saint Patrick Retold draws on recent research to offer a fresh assessment of Patrick's travails and achievements. This is the first biography in nearly fifty years to explore Patrick's career against the background of historical events in late antique Britain and Ireland. Roy Flechner examines the likelihood that Patrick, like his father before him, might have absconded from a career as an imperial official responsible for taxation, preferring instead to migrate to Ireland with his family's slaves, who were his source of wealth. Flechner leaves no stone unturned as he takes readers on a riveting journey through Romanized Britain and late Iron Age Ireland, and he considers how best to interpret the ambiguous literary and archaeological evidence from this period of great political and economic instability, a period that brought ruin for some and opportunity for others. Rather than a dismantling of Patrick's reputation, or an argument against his sainthood, Flechner's biography raises crucial questions about self-image and the making of a reputation. From boyhood deeds to the challenges of a missionary enterprise, Saint Patrick Retold steps beyond established narratives to reassess a notable figure's life and legacy. 
588 |a Description based on print version record. 
600 0 7 |a Patrick,  |c Saint,  |d 373?-463?  |2 fast  |0 (OCoLC)fst00059117 
600 0 0 |a Patrick,  |c Saint,  |d 373?-463? 
650 7 |a Christian saints.  |2 fast  |0 (OCoLC)fst00859491 
650 7 |a BIOGRAPHY & AUTOBIOGRAPHY  |x Cultural Heritage.  |2 bisacsh 
650 7 |a RELIGION  |x Christianity  |x History.  |2 bisacsh 
650 7 |a RELIGION  |x Christian Church  |x History.  |2 bisacsh 
650 7 |a BIOGRAPHY & AUTOBIOGRAPHY  |x Religious.  |2 bisacsh 
650 0 |a Christian saints  |z Ireland  |v Biography. 
651 7 |a Ireland.  |2 fast  |0 (OCoLC)fst01205427 
655 7 |a Biographies.  |2 rvmgf 
655 7 |a Biographies.  |2 lcgft 
655 7 |a Biographies.  |2 fast  |0 (OCoLC)fst01919896 
655 7 |a collective biographies.  |2 aat 
655 7 |a Electronic books.   |2 local 
710 2 |a Project Muse.  |e distributor 
830 0 |a Book collections on Project MUSE. 
856 4 0 |z Texto completo  |u https://projectmuse.uam.elogim.com/book/64428/ 
945 |a Project MUSE - Custom Collection 
945 |a Project MUSE - 2019 Complete 
945 |a Project MUSE - 2019 Philosophy and Religion